000 06478namaa22004451i 4500
003 EG-GICUC
005 20260416185110.0
008 260416s2025 ua a|||frm||| 000 0 eng d
040 _aEG-GICUC
_beng
_cEG-GICUC
_dEG-GICUC
_erda
041 0 _aeng
_beng
_bara
049 _aDeposit
082 0 4 _a615.19
092 _a615.19
_221
097 _aM.Sc
099 _aCai01.08.03.M.Sc.2025.Ra.A
100 0 _aRana Abdullah Ahmed,
_epreparation.
245 1 0 _aAnalytical approaches and techniques for determination of some disease biomarkers /
_cby Rana Abdullah Ahmed ; Supervision Prof. Dr. Amr Mohamed Bekhet, Prof. Dr. Maha Mohamed Galal El-Din, Dr. Dina Abbas Ahmed El Mously.
246 1 5 _aنهج وتقنيات تحليلية لتعيين بعض المؤشرات الحيوية للأمراض
264 0 _c2025.
300 _a134 pages :
_billustrations ;
_c25 cm. +
_eCD.
336 _atext
_2rda content
337 _aUnmediated
_2rdamedia
338 _avolume
_2rdacarrier
502 _a Thesis (M.Sc)-Cairo University, 2025.
504 _aBibliography: pages 121-134.
520 3 _aThis thesis introduces various analytical methods for detecting some disease biomarkers. It comprises three parts: Part I is composed of section 1 and section 2 which contain a general introduction and literature review on Homovanillic Acid (HVA) as well as description of electrochemical analytical methodology for determining HVA and related biomolecules present in biological fluid samples. Part II is composed of section 1, section 2 and section 3 which contain a literature review on Dopamine (DA) and analytical methodologies (spectroscopic and machine learning) described for analyzing DA and detecting related biomolecules present in biological fluid samples. Part III is composed of section 1 and section 2 which contain a literature review on Hydrogen Peroxide (H2O2) and a unique colorimetric method based on Utilizing the Peroxidase-like Activity of Zero-valent Iron Nanoparticles Supported on Polyaniline Aerogel The introduced methods include electrochemical, spectrophotometric and artificial intelligence methods. They are characterized by their reproducibility and adequate degree of sensitivity for the assay of the biomarkers in their pure powdered form and biological samples.
520 3 _aتركز هذه الرسالة على الدراسة التحليلية لبعض المستشعرات الحيوية الهامة للكشف عن بعض المؤشرات الحيوية للسرطان وأمراض أخرى؛ وقد تم اختيار حمض الهوموفانيليك والدوبامين وبيروكسيد الهيدروجين كمؤشرات حيوية. كان هدفنا في هذه الرسالة هو تطوير جزيئات ومستشعرات حيوية سهلة الاستخدام وحساسة وانتقائية لتحليل المؤشرات الحيوية المختلفة سواء في شكلها النقي أو في السوائل البيولوجية. تنقسم هذه الرسالة إلى ثلاثة أجزاء بالإضافة إلى المراجع والملخصين باللغتين الإنجليزية والعربية. الجزء الأول: فحص حمض الهوموفانيليكوالمركبات ذات صلةفي العينة البيولوجية. ينقسم هذا الجزء إلى قسمين: القسم الأول: مقدمة ومراجعة للطرق الخاصة بفحص حمض الهوموفانيليك يقدم هذا القسم تمهيدًا موجزًا لأهمية المجسات التشخيصية عند نقطة الرعاية في التبكير بالكشف عن الأمراض وتوجيه مسارات علاجها. كما يتضمن مقدمة عامة تتناول الجوانب الكيميائية والخصائص الفيزيائية لحمض الهوموفانيليك، يليها تلخيص شامل للطرق المنهجية المختلفة التي وردت في المراجع العلمية لتقدير كميته سواء في صورته المسحوقة النقية كمادة قياسية أو في العينات البيولوجية المتنوعة. القسم الثاني: مستشعر نقطة الرعاية باستخدام قطب معجون كربون مُعدّل بجزيئات أكسيد الزنك النانوية المشوبة بالنيكل للكشف عن المؤشر الحيوي السرطاني حمض الهوموفانيليك في البول. استهدف هذا القسم بشكل أساسي تطبيق نظام استشعار كهروكيميائي لتقدير كمية حمض الهوموفانيليك والجزيئات ذات الصلة به في عينات البول البيولوجية. وقد تم اختيار قطب عجيني كربوني نانوي مُعدَّل بجسيمات أكسيد الزنك المشوبة بالنيكل بوصفه القطب الكهربائي الأمثل الذي أظهر أداءً جيدًا في الكشف. الجزء الثاني: فحص الدوبامين والمركبات ذات صلةفي العينة البيولوجية. ينقسم هذا الجزء إلى ثلاثة أقسام فرعية: القسم الأول: مقدمة ومراجعة للطرق الخاصة بفحص الدوبامين. يقدم هذا القسم عرضًا موجزًا للكيمياء والخواص الفيزيائية للدوبامين، بالإضافة إلى تلخيص للطرق التحليلية المختلفة التي تم نشرها لتحديد كميته
530 _aIssues also as CD.
546 _aText in English and abstract in Arabic & English.
650 0 _aPharmaceutical Analytical Chemistry
650 0 _aالكيمياء التحليلية الصيدلية
653 1 _aHomovanillic Acid
_aDopamine
_aHydrogen Peroxide
_aElectrochemical Methods
_aPlasmonic Sensors
_aColorimetric Sensors
_aVoltammetry
_aحمض الهوموفانيلك
_aالدوبامين
700 0 _aAmr Mohamed Bekhet
_ethesis advisor.
700 0 _aMaha Mohamed Galal El-Din
_ethesis advisor.
700 0 _aDina Abbas Ahmed El Mously
_ethesis advisor.
900 _b01-01-2025
_cAmr Mohamed Bekhet
_cMaha Mohamed Galal El-Din
_cDina Abbas Ahmed El Mously
_UCairo University
_FFaculty of Pharmacy
_DDepartment of Pharmaceutical Analytical Chemistry
905 _aShimaa
942 _2ddc
_cTH
_e21
_n0
999 _c179537